La Diputació : ens de cooperació / Francesc Morata ens de cooperació / Francesc Morata
Descripción Física:
119 f. ; 30 cm
MARC
| LEADER | 00000nam a2200000Ia 4500 | ||
|---|---|---|---|
| 001 | 11080 | ||
| 008 | 160829s9999 xx 000 0 cat d | ||
| 080 | |a M-1-100 | ||
| 100 | |a Morata, Francesc |9 44809 | ||
| 245 | |a La Diputació : |b ens de cooperació / Francesc Morata | ||
| 260 | |a Barcelona : |b Fundació Carles Pi i Sunyer d'Estudis Autonòmics i Locals, [s.a.] | ||
| 300 | |a 119 f. ; |c 30 cm | ||
| 610 | 1 | 0 | |a Barcelona (Catalunya : Província). |b Diputació |9 52408 |
| 650 | 0 | |a Administració local |9 34286 | |
| 710 | 1 | |a Fundació Carles Pi i Sunyer d'Estudis Autonòmics i Locals |9 52753 | |
| 901 | |a Arxiu | ||
| 942 | |n 1 | ||
| 952 | |0 0 |1 0 |4 0 |6 M1100 |7 1 |9 42251 |a Arxiu |b Arxiu |d 2016-12-01 |l 0 |o M-1-100 |p 11080 |r 2016-12-01 00:00:00 |w 2016-12-01 |y ARXIU | ||
| 999 | |c 44729 |d 44729 | ||